[Event "XXVIII Memorial Edoardo Crespi B"]
[Site "Milano ITA"]
[Date "2007.12.06"]
[Round "1"]
[White "Cetta, Andrea"]
[Black "Bisignano, Riccardo"]
[Result "0-1"]
[WhiteElo "1727"]
[BlackElo "1884"]
[PlyCount "106"]
[EventDate "2007.12.06"]

1. d4 d5 2. c4 c6 3. cxd5 cxd5 4. Nc3 e6 5. Nf3 Nf6 6. Bf4 a6 7. e3 Nc6 8. Rc1
Bb4 9. a3 Be7 10. Bd3 O-O 11. O-O Nh5 12. Bg3 Nxg3 13. hxg3 f5 14. Kh2 Rf6 15.
Rh1 Rh6+ 16. Kg1 Rxh1+ 17. Kxh1 Bd7 18. Ne2 Bd6 19. Bb1 Qb6 20. b4 a5 21. Qa4
Ne5 22. Qb3 Ng4 23. Kg1 axb4 24. axb4 Qxb4 25. Qxb4 Bxb4 26. Nf4 Ra1 27. Nd3
Ba3 28. Rf1 h6 29. Bc2 Rxf1+ 30. Kxf1 Bb5 31. Ke2 Bc4 32. Nd2 b5 33. f3 Nf6 34.
Kd1 Nh5 35. g4 fxg4 36. fxg4 Nf6 37. Ne5 Bd6 38. Ndf3 b4 39. g5 Bxe5 40. dxe5
Ng4 41. Kd2 Kf7 42. gxh6 gxh6 43. e4 Ke7 44. exd5 exd5 45. Nd4 Nxe5 46. Nf5+
Kf6 47. Nxh6 d4 48. Nf5 d3 49. Nd6 dxc2 50. Nxc4 Nxc4+ 51. Kxc2 Ne5 52. Kb2 Kg5
53. Kc2 Kg4 0-1

[Event "XXVIII Memorial Edoardo Crespi B"]
[Site "Milano ITA"]
[Date "2007.12.06"]
[Round "1"]
[White "Colombo, Luca"]
[Black "Weiss, Nicolo'"]
[Result "1-0"]
[WhiteElo "1791"]
[BlackElo "1536"]
[PlyCount "47"]
[EventDate "2007.12.06"]

1. e4 c6 2. d4 d5 3. Nc3 dxe4 4. Nxe4 Bf5 5. Ng3 Bg6 6. h4 h6 7. Nh3 Nf6 8. Nf4
Bh7 9. c3 e6 10. Bd3 Bxd3 11. Qxd3 Nbd7 12. Be3 Be7 13. O-O-O Ng4 14. Nxe6 Qa5
15. Nxg7+ Kf8 16. N3f5 Qxa2 17. Nxe7 Kxe7 18. Qe4+ Qe6 19. Nf5+ Kf6 20. Qxe6+
Kxe6 21. Ng3 Nxe3 22. fxe3 Rag8 23. Nh5 Rxg2 24. Nf4+ 1-0

[Event "XXVIII Memorial Edoardo Crespi B"]
[Site "Milano ITA"]
[Date "2007.12.06"]
[Round "1"]
[White "Costanza, Calogero"]
[Black "Fantina, Carla"]
[Result "1-0"]
[WhiteElo "1655"]
[BlackElo "1839"]
[PlyCount "47"]
[EventDate "2007.12.06"]

1. d4 Nf6 2. c4 d6 3. Nc3 g6 4. e4 Bg7 5. Bg5 O-O 6. f3 h6 7. Be3 c5 8. dxc5
dxc5 9. Qxd8 Rxd8 10. Bxc5 Rd7 11. Nd5 Nxd5 12. cxd5 Bxb2 13. Rb1 Bc3+ 14. Kf2
b6 15. Be3 Bg7 16. Rc1 a5 17. Rxc8+ Kh7 18. Ne2 e6 19. Bf4 e5 20. Bg3 f5 21.
Nc3 f4 22. Bb5 Rb7 23. Na4 Bf8 24. Rxf8 1-0

[Event "XXVIII Memorial Edoardo Crespi B"]
[Site "Milano ITA"]
[Date "2007.12.06"]
[Round "1"]
[White "Di Chiara, Mauro"]
[Black "Olivo, Mario"]
[Result "1/2-1/2"]
[WhiteElo "1747"]
[BlackElo "1887"]
[PlyCount "115"]
[EventDate "2007.12.06"]

1. d4 Nf6 2. g3 e6 3. Bg2 c5 4. Nf3 Nc6 5. c4 cxd4 6. Nxd4 Qb6 7. Nxc6 dxc6 8.
O-O Be7 9. Nc3 O-O 10. Qc2 e5 11. Be3 Qc7 12. h3 Be6 13. Ne4 Nxe4 14. Qxe4 f5
15. Qc2 f4 16. gxf4 exf4 17. Bd2 Bf5 18. Be4 Bxh3 19. Bxh7+ Kh8 20. Bc3 Bf6 21.
Qg6 Qf7 22. Rfd1 Bxc3 23. bxc3 Qxg6+ 24. Bxg6 Rad8 25. Rd4 Rxd4 26. cxd4 Rf6
27. Be4 Bf5 28. Bxf5 Rxf5 29. Kg2 b6 30. Kf3 Kg8 31. Ke4 g6 32. Rg1 Kf7 33. Rg4
f3 34. e3 Ra5 35. Rf4+ Ke6 36. Rxf3 Rxa2 37. d5+ cxd5+ 38. cxd5+ Ke7 39. Ke5
Rd2 40. e4 a5 41. Rf6 b5 42. f4 b4 43. Rxg6 b3 44. Rb6 b2 45. Rb7+ Kd8 46. f5
a4 47. f6 a3 48. f7 Rf2 49. Ke6 Kc8 50. Rb3 Rxf7 51. Kxf7 a2 52. Rxb2 a1=Q 53.
Rc2+ Kd7 54. Rc6 Qf1+ 55. Rf6 Qc4 56. Re6 Qe2 57. Kf6 Qf3+ 58. Ke5 1/2-1/2

[Event "XXVIII Memorial Edoardo Crespi B"]
[Site "Milano ITA"]
[Date "2007.12.06"]
[Round "1"]
[White "Di Paola, Antonio"]
[Black "Falsetti, Paolo"]
[Result "0-1"]
[WhiteElo "1806"]
[BlackElo "1551"]
[PlyCount "86"]
[EventDate "2007.12.06"]

1. d4 Nf6 2. c4 c5 3. d5 e6 4. Nc3 exd5 5. cxd5 d6 6. e4 g6 7. Nf3 Bg7 8. h3
O-O 9. Bd3 Nbd7 10. O-O a6 11. a4 Ne8 12. Bf4 Qb6 13. Qc2 Qb4 14. Nd2 f5 15.
Rfe1 fxe4 16. Rxe4 Qb6 17. Nc4 Qd8 18. Rae1 Ndf6 19. Re7 b5 20. axb5 axb5 21.
Nxb5 Nxd5 22. Ncxd6 Nxe7 23. Bc4+ Kh8 24. Nf7+ Rxf7 25. Bxf7 Bd7 26. Qxc5 Bxb5
27. Qxe7 Qxe7 28. Rxe7 Nf6 29. Be5 Rf8 30. g4 Be8 31. Bxe8 Nxe8 32. Bxg7+ Nxg7
33. Rb7 Ne6 34. Kg2 Nc5 35. Rb5 Nd3 36. f3 Rc8 37. b4 Rc2+ 38. Kg3 Rb2 39. Rb8+
Kg7 40. b5 g5 41. b6 h6 42. h4 Nc5 43. hxg5 hxg5 0-1

[Event "XXVIII Memorial Edoardo Crespi B"]
[Site "Milano ITA"]
[Date "2007.12.06"]
[Round "1"]
[White "Dogic, Mirhad"]
[Black "Fiorelli, Paolo"]
[Result "0-1"]
[WhiteElo "1759"]
[BlackElo "1500"]
[PlyCount "114"]
[EventDate "2007.12.06"]

1. e4 c5 2. Nf3 d6 3. c3 Nf6 4. d3 g6 5. g3 Bg7 6. Bg2 Nc6 7. O-O O-O 8. Nbd2
Bd7 9. Nc4 Qc8 10. Ne3 Bh3 11. Bxh3 Qxh3 12. Ng5 Qd7 13. Nd5 Nxd5 14. exd5 Ne5
15. h3 Qf5 16. g4 Qxd3 17. Qxd3 Nxd3 18. Ne4 f5 19. gxf5 Rxf5 20. Rb1 Nxc1 21.
Rbxc1 Rxd5 22. Kg2 b5 23. Rfe1 Re5 24. f4 Rf5 25. Rf1 Raf8 26. Ng5 Rxf4 27.
Rxf4 Rxf4 28. Ne6 Re4 29. Nc7 Re2+ 30. Kf3 Rxb2 31. Ke4 a5 32. Kd3 b4 33. cxb4
axb4 34. Nd5 Bf6 35. Rf1 Rxa2 36. Kc4 Ra3 37. Rh1 b3 38. h4 b2 39. Rb1 Ra1 40.
Nxf6+ exf6 41. Rxb2 Ra4+ 42. Kd5 Rd4+ 43. Ke6 Rxh4 44. Kxf6 Rf4+ 45. Ke6 c4 46.
Kxd6 c3 47. Rb8+ Rf8 48. Rb1 c2 49. Rc1 Rc8 50. Ke6 Kg7 51. Ke5 h6 52. Kf4 Kf6
53. Kg3 Kf5 54. Kf3 Rc3+ 55. Kg2 Ke4 56. Kf2 Kd3 57. Ke1 h5 0-1

[Event "XXVIII Memorial Edoardo Crespi B"]
[Site "Milano ITA"]
[Date "2007.12.06"]
[Round "1"]
[White "Donadi, Luca"]
[Black "Guerra, Efrain"]
[Result "0-1"]
[WhiteElo "1754"]
[BlackElo "1900"]
[PlyCount "62"]
[EventDate "2007.12.06"]

1. e4 d6 2. d4 g6 3. Nf3 Bg7 4. Bc4 Nf6 5. Nc3 O-O 6. O-O Bg4 7. h3 Bxf3 8.
Qxf3 Nc6 9. Be3 e5 10. Rad1 exd4 11. Bxd4 Nxd4 12. Rxd4 Nd7 13. Rd2 Ne5 14. Qe2
Nxc4 15. Qxc4 Kh8 16. f4 c6 17. Rfd1 Qf6 18. g3 Rad8 19. Qb4 Qe6 20. Kg2 a5 21.
Qxa5 Rd7 22. e5 d5 23. Ne4 Re7 24. Ng5 Qf5 25. c4 f6 26. exf6 Bxf6 27. h4 Qg4
28. Rf1 Bxg5 29. hxg5 Re3 30. Rff2 Rxg3+ 31. Kh1 Rg1+ 0-1

[Event "XXVIII Memorial Edoardo Crespi B"]
[Site "Milano ITA"]
[Date "2007.12.06"]
[Round "1"]
[White "Gandolfi, Gianfranco"]
[Black "D'Apa, Massimo"]
[Result "1/2-1/2"]
[WhiteElo "1856"]
[BlackElo "1704"]
[PlyCount "92"]
[EventDate "2007.12.06"]

1. e4 c5 2. Nf3 Nc6 3. d4 cxd4 4. Nxd4 e5 5. Nb5 d6 6. a4 a6 7. N5a3 Nf6 8. Nc3
Be7 9. f3 O-O 10. Be3 Be6 11. Bc4 Kh8 12. Bd5 Rc8 13. O-O h6 14. Nc4 Nb4 15.
Nb6 Rc7 16. a5 Bxd5 17. Nbxd5 Nbxd5 18. Nxd5 Nxd5 19. Qxd5 Rxc2 20. Qxb7 Bg5
21. Bxg5 Qxg5 22. Rf2 Qe3 23. Qb6 Rc1+ 24. Rxc1 Qxc1+ 25. Rf1 Qc5+ 26. Qxc5
dxc5 27. Rc1 Rc8 28. Rc4 Rb8 29. Rxc5 Rxb2 30. Rxe5 Rb1+ 31. Kf2 Rb2+ 32. Kg3
Kh7 33. Rd5 Kg6 34. Rd6+ f6 35. Rxa6 h5 36. h3 h4+ 37. Kh2 Kg5 38. Rb6 Ra2 39.
a6 Kf4 40. Rb7 g5 41. a7 Ke3 42. Rf7 Kf2 43. Rxf6 Kf1 44. f4 Rxg2+ 45. Kh1 Rg1+
46. Kh2 Rg2+ 1/2-1/2

[Event "XXVIII Memorial Edoardo Crespi B"]
[Site "Milano ITA"]
[Date "2007.12.06"]
[Round "1"]
[White "Gatta, Luca"]
[Black "Coladangelo, Andrea"]
[Result "1-0"]
[WhiteElo "1578"]
[BlackElo "1809"]
[PlyCount "65"]
[EventDate "2007.12.06"]

1. d4 Nf6 2. c3 g6 3. Bf4 d6 4. e3 Bg7 5. Nf3 O-O 6. Bd3 b6 7. Nbd2 Ba6 8. Bxa6
Nxa6 9. O-O c5 10. h3 b5 11. Qe2 Qb6 12. a4 bxa4 13. Rxa4 Nc7 14. dxc5 Qxc5 15.
Rfa1 Rfb8 16. Qc4 Qxc4 17. Nxc4 Rb7 18. R1a2 Ncd5 19. Nd4 Nxf4 20. exf4 Nd5 21.
Nc6 Nxf4 22. N4a5 Nxh3+ 23. gxh3 Rc7 24. Nb4 Rc5 25. Nac6 Rg5+ 26. Kh2 e6 27.
Rxa7 Rxa7 28. Rxa7 d5 29. Nd3 Bf8 30. f4 Bd6 31. Rd7 Bxf4+ 32. Nxf4 Kg7 33.
Nxe6+ 1-0

[Event "XXVIII Memorial Edoardo Crespi B"]
[Site "Milano ITA"]
[Date "2007.12.06"]
[Round "1"]
[White "Manca, Renato"]
[Black "Cino, Marco"]
[Result "1-0"]
[WhiteElo "1843"]
[BlackElo "1658"]
[PlyCount "35"]
[EventDate "2007.12.06"]

1. d4 Nf6 2. Nc3 d6 3. e4 g6 4. Bg5 Bg7 5. Qd2 O-O 6. Be2 c6 7. h4 h5 8. O-O-O
b5 9. Bd3 a5 10. Nh3 b4 11. Na4 Nbd7 12. f3 Qc7 13. e5 dxe5 14. Bh6 exd4 15.
Bxg7 Kxg7 16. Nf4 c5 17. Bxg6 fxg6 18. Ne6+ 1-0

[Event "XXVIII Memorial Edoardo Crespi B"]
[Site "Milano ITA"]
[Date "2007.12.06"]
[Round "1"]
[White "Martelli, Tommaso"]
[Black "Silari, Andrea"]
[Result "0-1"]
[WhiteElo "1872"]
[BlackElo "1721"]
[PlyCount "24"]
[EventDate "2007.12.06"]

1. e4 c5 2. Nf3 Nc6 3. d4 cxd4 4. Nxd4 Nf6 5. Nc3 d6 6. Bc4 e6 7. Bg5 Be7 8.
Ndb5 O-O 9. Bxf6 Bxf6 10. Qxd6 Qa5 11. Qa3 a6 12. Nd6 Qxa3 0-1

[Event "XXVIII Memorial Edoardo Crespi B"]
[Site "Milano ITA"]
[Date "2007.12.06"]
[Round "1"]
[White "Nepi, Ezio"]
[Black "Epitome, Nando"]
[Result "1-0"]
[WhiteElo "1851"]
[BlackElo "1673"]
[PlyCount "91"]
[EventDate "2007.12.06"]

1. d4 d5 2. c4 e6 3. Nc3 Nf6 4. cxd5 exd5 5. Bg5 Be7 6. e3 Nbd7 7. Qc2 a6 8.
Bd3 b5 9. Nf3 Bb7 10. O-O Rc8 11. Bxf6 Nxf6 12. Bf5 Rb8 13. Ne5 g6 14. Bh3 O-O
15. f4 Qd6 16. Rac1 c5 17. Qf2 Qb6 18. Qh4 cxd4 19. exd4 Qxd4+ 20. Kh1 Rbd8 21.
Ne2 Qxb2 22. Ng3 Rfe8 23. Rc7 Nd7 24. Qh6 Bf8 25. Qh4 Nxe5 26. Rxb7 Nd3 27. Be6
Rxe6 28. Qxd8 Qd4 29. Rb8 Qc5 30. h3 Kg7 31. f5 Rf6 32. Kh2 Bd6 33. Qh8+ Kh6
34. Qxf6 Bxb8 35. fxg6 fxg6 36. Rf5 Bxg3+ 37. Kxg3 Qe3+ 38. Kh2 Qc5 39. Qg5+
Kg7 40. Rxd5 Qc7+ 41. Qg3 Qxg3+ 42. Kxg3 Nc1 43. Rd2 b4 44. Kf3 a5 45. Ke4 a4
46. Rc2 1-0

[Event "XXVIII Memorial Edoardo Crespi B"]
[Site "Milano ITA"]
[Date "2007.12.06"]
[Round "1"]
[White "Pietralunga, Vittorio"]
[Black "Squarci, Franco"]
[Result "1/2-1/2"]
[WhiteElo "1625"]
[BlackElo "1831"]
[PlyCount "68"]
[EventDate "2007.12.06"]

1. e4 d6 2. d4 Nf6 3. Nc3 a6 4. Nf3 b5 5. h3 Bb7 6. Bd3 Nbd7 7. O-O b4 8. Nd5
Nxd5 9. exd5 Bxd5 10. Re1 e6 11. c4 bxc3 12. bxc3 Nb6 13. c4 Bb7 14. Rb1 Rb8
15. d5 e5 16. Nd4 Be7 17. Nf5 Bf6 18. Qg4 Kf8 19. h4 Bc8 20. h5 Nd7 21. Rxb8
Nxb8 22. Qg3 Bxf5 23. Bxf5 Nd7 24. Ba3 g6 25. Bxd7 Qxd7 26. h6 Qf5 27. Qb3 Qc8
28. c5 Be7 29. Qc3 f6 30. cxd6 Bxd6 31. Bxd6+ Kf7 32. Bxe5 Rd8 33. d6 Rxd6 34.
Qc4+ Re6 1/2-1/2

[Event "XXVIII Memorial Edoardo Crespi B"]
[Site "Milano ITA"]
[Date "2007.12.06"]
[Round "1"]
[White "Pohossov, Eduard"]
[Black "Carbone, Lorenzo"]
[Result "1-0"]
[WhiteElo "1464"]
[BlackElo "1755"]
[PlyCount "61"]
[EventDate "2007.12.06"]

1. e4 c5 2. Nf3 d6 3. Be2 Nf6 4. Nc3 a6 5. O-O e6 6. d3 Be7 7. Be3 O-O 8. Ne1
b5 9. f4 Bb7 10. Bf3 Nc6 11. e5 dxe5 12. fxe5 Nd5 13. Nxd5 exd5 14. Bf4 d4 15.
Be4 g6 16. Qf3 Qd7 17. Kh1 Nd8 18. Bh6 Bxe4 19. Qxe4 Ra7 20. Bxf8 Bxf8 21. h3
Bg7 22. Nf3 Ne6 23. Rad1 a5 24. Qh4 Ra8 25. Ng5 Nxg5 26. Qxg5 Qe6 27. Rde1 Re8
28. b3 Bxe5 29. Re4 f5 30. Re2 Qd5 31. Rxf5 1-0

[Event "XXVIII Memorial Edoardo Crespi B"]
[Site "Milano ITA"]
[Date "2007.12.06"]
[Round "1"]
[White "Poletto, Daniele"]
[Black "Gavioli, Fabrizio"]
[Result "0-1"]
[WhiteElo "1815"]
[BlackElo "1592"]
[PlyCount "124"]
[EventDate "2007.12.06"]

1. c4 c5 2. Nc3 Nc6 3. g3 g6 4. Bg2 Bg7 5. e4 e5 6. d3 d6 7. Nge2 Bg4 8. h3 Be6
9. O-O Nf6 10. Be3 Qd7 11. Kh2 O-O 12. Nd5 Bxd5 13. cxd5 Ne7 14. Qd2 Nh5 15.
Bh6 Bxh6 16. Qxh6 Qb5 17. Qd2 Kg7 18. f4 exf4 19. Nxf4 Nxf4 20. Qxf4 Qd7 21.
Qf6+ Kg8 22. g4 Rae8 23. Rac1 Nc8 24. Rf4 Qe7 25. Rcf1 Qxf6 26. Rxf6 b6 27. h4
Rd8 28. g5 Kg7 29. Bh3 Ne7 30. Bg4 Ng8 31. R6f3 h6 32. Be6 fxe6 33. dxe6 Rxf3
34. Rxf3 Rf8 35. gxh6+ Nxh6 36. Rg3 Ng8 37. h5 Ne7 38. hxg6 Rf6 39. d4 Rxe6 40.
dxc5 dxc5 41. Rd3 Kxg6 42. Rd7 Nc6 43. Rc7 a5 44. Kg3 Kf6 45. Kf4 Nb4 46. Rb7
Nd3+ 47. Ke3 Nxb2 48. Rb8 Ke5 49. Rb7 Nc4+ 50. Kd3 Na3 51. Rc7 Nb5 52. Rb7 c4+
53. Ke3 c3 54. Rd7 Nd6 55. Rc7 Nxe4 56. Rc4 Nf6 57. Kd3 Nd5 58. Rc8 Kd6 59.
Rd8+ Kc5 60. a3 Rd6 61. Rc8+ Kb5 62. Rc4 c2 0-1

[Event "XXVIII Memorial Edoardo Crespi B"]
[Site "Milano ITA"]
[Date "2007.12.06"]
[Round "1"]
[White "Raineri, Pieroberto"]
[Black "Melino, Gianluca"]
[Result "1-0"]
[WhiteElo "1614"]
[BlackElo "1819"]
[PlyCount "75"]
[EventDate "2007.12.06"]

1. d4 Nf6 2. c4 e6 3. Nf3 Bb4+ 4. Bd2 Bxd2+ 5. Qxd2 O-O 6. Nc3 b6 7. g3 Bb7 8.
Bg2 d6 9. O-O Nbd7 10. Qc2 h6 11. e4 a6 12. e5 Nh7 13. Ng5 Nxg5 14. Bxb7 dxe5
15. h4 Nh7 16. dxe5 Ra7 17. Be4 f5 18. exf6 Nhxf6 19. Bg2 Qe7 20. Rfe1 Qc5 21.
Qe2 e5 22. Rad1 Qe7 23. Bc6 Nb8 24. Nd5 Qc5 25. Nxf6+ Rxf6 26. Rd8+ Rf8 27.
Bd5+ Kh7 28. Rxf8 Qxf8 29. Qxe5 c6 30. Be4+ Kh8 31. Qf5 Kg8 32. Qe6+ Kh8 33.
Bg6 Nd7 34. Qxc6 Nf6 35. Qxb6 Ra8 36. c5 Ng4 37. c6 Rb8 38. Qxb8 1-0

[Event "XXVIII Memorial Edoardo Crespi B"]
[Site "Milano ITA"]
[Date "2007.12.06"]
[Round "1"]
[White "Tassini, Marco"]
[Black "Crippa, Oscar"]
[Result "0-1"]
[WhiteElo "1885"]
[BlackElo "1727"]
[PlyCount "84"]
[EventDate "2007.12.06"]

1. d4 d5 2. c4 e6 3. Nc3 Nf6 4. cxd5 Nxd5 5. e4 Nxc3 6. bxc3 g6 7. Bc4 Nd7 8.
Nf3 c5 9. O-O Qa5 10. Bd2 Bg7 11. Qc2 O-O 12. Rfd1 b5 13. Be2 c4 14. Bf4 Qa3
15. Rab1 a6 16. Rb4 Re8 17. Bd6 Qa5 18. Nd2 Bf8 19. Bxf8 Kxf8 20. e5 Nb6 21.
Bf3 Rb8 22. a4 Bd7 23. Rdb1 Nd5 24. Bxd5 exd5 25. R1b2 Bf5 26. Qc1 Re6 27. Nxc4
dxc4 28. Rxc4 Kg7 29. Rc5 Qxa4 30. Rb4 Qc2 31. Qe1 Rbe8 32. h3 Bd3 33. Qa1 Bc4
34. Qe1 Qd3 35. Rb1 Qe2 36. Qc1 Qe4 37. Ra1 Qb7 38. Qg5 Rc8 39. Rxc8 Qxc8 40.
f4 Bd3 41. Rc1 Qc6 42. g4 Qf3 0-1

[Event "XXVIII Memorial Edoardo Crespi B"]
[Site "Milano ITA"]
[Date "2007.12.06"]
[Round "1"]
[White "Versari, Marino"]
[Black "Casadio, Alviero"]
[Result "0-1"]
[WhiteElo "1530"]
[BlackElo "1787"]
[PlyCount "100"]
[EventDate "2007.12.06"]

1. d4 d5 2. c4 c6 3. Nc3 e6 4. Nf3 f5 5. e3 Nf6 6. b3 Be7 7. Be2 O-O 8. O-O Bd7
9. Bb2 Be8 10. Rc1 Bh5 11. Ng5 Bxe2 12. Nxe2 Qd7 13. Nf4 Ne4 14. Nxe4 fxe4 15.
cxd5 exd5 16. Qe2 Bd6 17. Nh3 Qe7 18. g3 Qd7 19. Kg2 Qf5 20. Ng1 Nd7 21. f3
exf3+ 22. Nxf3 Qe4 23. Kg1 Rf6 24. Ng5 Qg6 25. Rxf6 Nxf6 26. Nf3 Nd7 27. Rf1
Rf8 28. Nh4 Rxf1+ 29. Qxf1 Qf6 30. Qh3 Qe7 31. Bc1 g6 32. Nf3 Nf6 33. Ng5 Ne4
34. Qe6+ Qxe6 35. Nxe6 Be7 36. Nf4 Kf7 37. Kf1 Bg5 38. Nd3 Ke6 39. Kg2 Be7 40.
a3 Bd6 41. b4 b6 42. Ne1 Kf6 43. Kf3 Ng5+ 44. Kg2 c5 45. bxc5 bxc5 46. dxc5
Bxc5 47. Nd3 Bb6 48. Nf4 Ke5 49. Kf2 Nf7 50. Nd3+ 50... Ke4 $138 0-1

[Event "XXVIII Memorial Edoardo Crespi B"]
[Site "Milano ITA"]
[Date "2007.12.07"]
[Round "2"]
[White "Alidosi, Marco"]
[Black "Gatta, Luca"]
[Result "0-1"]
[WhiteElo "1512"]
[BlackElo "1578"]
[PlyCount "90"]
[EventDate "2007.12.06"]

1. Nf3 d5 2. g3 c6 3. Bg2 Bf5 4. d3 e6 5. O-O Nf6 6. Nbd2 h6 7. Re1 Qb6 8. Ne5
Bd6 9. Ndf3 Nbd7 10. Nxd7 Kxd7 11. h3 e5 12. e4 dxe4 13. dxe4 Be6 14. Nxe5+ Kc7
15. Nd3 Be7 16. Bf4+ Kc8 17. Qe2 Rd8 18. b3 Kd7 19. Be3 Qa5 20. f4 Ke8 21. f5
Bc8 22. Rf1 Kf8 23. Rad1 Bd6 24. g4 Re8 25. Bd2 Qc7 26. g5 hxg5 27. Bxg5 Nh7
28. Qh5 Nxg5 29. Qxg5 f6 30. Qg4 b6 31. Nf4 Bxf4 32. Rxf4 Bb7 33. Rdf1 Rad8 34.
Qe2 c5 35. Qc4 Qf7 36. Qe2 Rd7 37. Rd1 Rxd1+ 38. Qxd1 Qe7 39. Rh4 Qf7 40. Bf1
Ke7 41. Bc4 Qf8 42. Bd5 Bxd5 43. exd5 Kd6 44. Qf3 Qe7 45. c4 Qe1+ 0-1

[Event "XXVIII Memorial Edoardo Crespi B"]
[Site "Milano ITA"]
[Date "2007.12.07"]
[Round "2"]
[White "Bisignano, Riccardo"]
[Black "Cani, Gazmir"]
[Result "1-0"]
[WhiteElo "1884"]
[BlackElo "1719"]
[PlyCount "99"]
[EventDate "2007.12.06"]

1. e4 c5 2. Nc3 d6 3. g3 g6 4. Bg2 Bg7 5. d3 Nc6 6. f4 e6 7. Nh3 Nge7 8. O-O
O-O 9. Ne2 Bd7 10. c3 d5 11. g4 d4 12. c4 f5 13. Ng3 fxg4 14. Qxg4 Nb4 15. Rf3
Nc2 16. Rb1 Ne3 17. Bxe3 dxe3 18. e5 Qa5 19. Rxe3 Qxa2 20. Ree1 Nf5 21. Nxf5
Rxf5 22. Be4 Rf7 23. Ng5 Rff8 24. Qh4 h6 25. Bxg6 Qa5 26. Re2 Qd8 27. Rf1 Be8
28. Be4 Bc6 29. Qh3 Bxe4 30. Nxe4 Rf7 31. Nxc5 Qd4+ 32. Qe3 Qxe3+ 33. Rxe3 Re8
34. Ne4 Rd7 35. Rg3 Kf8 36. Kf2 Ree7 37. Ke3 b6 38. d4 Rf7 39. Rg6 Ke7 40. Nd6
Rxd6 41. exd6+ Kxd6 42. d5 Bxb2 43. Rxe6+ Kc5 44. Rb1 Bd4+ 45. Ke4 Rf6 46. Rc6+
Rxc6 47. dxc6 Kxc4 48. c7 a5 49. c8=Q+ Bc5 50. Rxb6 1-0

[Event "XXVIII Memorial Edoardo Crespi B"]
[Site "Milano ITA"]
[Date "2007.12.07"]
[Round "2"]
[White "Brighenti, Alessandro"]
[Black "Poletto, Daniele"]
[Result "1/2-1/2"]
[WhiteElo "1614"]
[BlackElo "1815"]
[PlyCount "114"]
[EventDate "2007.12.06"]

1. e4 c5 2. Nc3 Nc6 3. g3 g6 4. Bg2 Bg7 5. d3 d6 6. f4 e6 7. Nf3 Nge7 8. O-O
O-O 9. Be3 Nd4 10. e5 Nef5 11. Bf2 Nxf3+ 12. Qxf3 Nd4 13. Qd1 dxe5 14. fxe5
Bxe5 15. Ne4 f5 16. Nxc5 Qc7 17. b4 Nc6 18. d4 Bf6 19. c3 Rb8 20. Qb3 Nd8 21.
Be3 Kg7 22. Bf4 e5 23. dxe5 Bxe5 24. Bxe5+ Qxe5 25. Rfe1 Qc7 26. Re2 b6 27.
Rae1 Qd6 28. Re7+ Rf7 29. Rxf7+ Nxf7 30. Ne6+ Bxe6 31. Rxe6 Qf8 32. c4 Re8 33.
Qc3+ Kg8 34. Bd5 Rxe6 35. Bxe6 Qg7 36. Qxg7+ Kxg7 37. Kf2 Ne5 38. h4 Nd3+ 39.
Ke3 Nxb4 40. a3 Nc2+ 41. Kd3 Nxa3 42. Kc3 b5 43. c5 Kf6 44. Bg8 Nc4 45. Kb4 a6
46. Bd5 Ne5 47. Ka5 g5 48. hxg5+ Kxg5 49. c6 Nxc6+ 50. Bxc6 Kg4 51. Bd7 Kxg3
52. Bxf5 h5 53. Kxa6 b4 54. Be6 h4 55. Kb5 h3 56. Kxb4 h2 57. Bd5 h1=Q 1/2-1/2

[Event "XXVIII Memorial Edoardo Crespi B"]
[Site "Milano ITA"]
[Date "2007.12.07"]
[Round "2"]
[White "Carbone, Lorenzo"]
[Black "Versari, Marino"]
[Result "1-0"]
[WhiteElo "1755"]
[BlackElo "1530"]
[PlyCount "49"]
[EventDate "2007.12.06"]

1. e4 c5 2. Nf3 Nc6 3. d4 cxd4 4. Nxd4 Nf6 5. Nc3 Nxd4 6. Qxd4 e6 7. Nb5 d5 8.
Bf4 Qa5+ 9. c3 Kd7 10. Bc7 b6 11. b4 Qa4 12. exd5 exd5 13. Bd3 Ba6 14. Be5 Bxb5
15. Bxf6 Re8+ 16. Be5 Bd6 17. O-O Bxd3 18. Bxg7 Bxf1 19. Bxh8 Bc4 20. a3 Qc2
21. Qg4+ Kc6 22. Bd4 Qd2 23. Qd1 Qf4 24. g3 Qf5 25. Be3 $139 1-0

[Event "XXVIII Memorial Edoardo Crespi B"]
[Site "Milano ITA"]
[Date "2007.12.07"]
[Round "2"]
[White "Cartella, Giovanni"]
[Black "Pietralunga, Vittorio"]
[Result "1-0"]
[WhiteElo "1868"]
[BlackElo "1625"]
[PlyCount "96"]
[EventDate "2007.12.06"]

1. d4 d5 2. Nf3 Nf6 3. Bg5 e6 4. e3 Be7 5. Bd3 Nc6 6. c3 a6 7. Qc2 Qd6 8. Bf4
Qd8 9. Nbd2 Bd6 10. Bg3 Qe7 11. Bh4 e5 12. dxe5 Bxe5 13. Nxe5 Nxe5 14. Be2 g6
15. O-O Bf5 16. Qb3 c6 17. Bxf6 Qxf6 18. Qxb7 O-O 19. Qb3 Bd3 20. Bxd3 Nxd3 21.
Qc2 Ne5 22. e4 Rfd8 23. exd5 cxd5 24. Nb3 Rac8 25. h3 d4 26. Rad1 d3 27. Qb1
Rd7 28. Nd4 Rcd8 29. f4 Nc6 30. Rxd3 Nxd4 31. Rxd4 Rxd4 32. cxd4 Qxd4+ 33. Kh2
Rd7 34. Qc1 Qd3 35. Rf3 Qd6 36. Qe3 Re7 37. Qd3 Qb6 38. b3 Re1 39. Rf1 Re3 40.
Qd2 Re4 41. Rd1 Kg7 42. Rc1 Rd4 43. Qe3 Kh6 44. Rd1 Rd6 45. Qxb6 Rxb6 46. Kg3
f5 47. Kf3 Re6 48. Rd7 Kh5 1-0

[Event "XXVIII Memorial Edoardo Crespi B"]
[Site "Milano ITA"]
[Date "2007.12.07"]
[Round "2"]
[White "Casadio, Alviero"]
[Black "Colombo, Luca"]
[Result "1/2-1/2"]
[WhiteElo "1787"]
[BlackElo "1791"]
[PlyCount "101"]
[EventDate "2007.12.06"]

1. e4 c5 2. f4 d6 3. Bb5+ Nc6 4. Nf3 Bd7 5. O-O g6 6. Nc3 Bg7 7. d3 a6 8. Bxc6
Bxc6 9. Qe1 e6 10. Qg3 Ne7 11. Kh1 O-O 12. Qh4 Nc8 13. Qxd8 Rxd8 14. Bd2 Ne7
15. b3 b5 16. Rae1 Bb7 17. Nd1 b4 18. Ne3 Nc6 19. Nc4 a5 20. e5 dxe5 21. Ncxe5
Nxe5 22. Nxe5 a4 23. Be3 axb3 24. axb3 Ra2 25. Rc1 Bxe5 26. fxe5 Rd5 27. Bf4 g5
28. Bg3 Rd7 29. Bf2 Rd5 30. Bg3 h5 31. h3 h4 32. Bh2 Rxd3 33. cxd3 Rxg2 34. Bf4
gxf4 35. Rg1 Rg3+ 36. Kh2 Kh7 37. Rxg3 hxg3+ 38. Kg1 f3 39. Rc4 f2+ 40. Kf1 Bf3
41. Rf4 Bh5 42. Rf6 Bg6 43. Rf3 Bh5 44. Rxg3 Bd1 45. Kxf2 Bxb3 46. Ke3 Bd5 47.
Kd2 Kh6 48. h4 Kh5 49. Rg7 Kxh4 50. Rxf7 Kg5 51. Rf6 1/2-1/2

[Event "XXVIII Memorial Edoardo Crespi B"]
[Site "Milano ITA"]
[Date "2007.12.07"]
[Round "2"]
[White "Cervini, Gian Piero"]
[Black "Centofante, Maria Rosa"]
[Result "1/2-1/2"]
[WhiteElo "1766"]
[BlackElo "1544"]
[PlyCount "56"]
[EventDate "2007.12.06"]

1. Nf3 c6 2. g3 Nf6 3. Bg2 d5 4. O-O Bg4 5. d3 Nbd7 6. Nbd2 e6 7. c4 Bd6 8. a3
O-O 9. b4 a6 10. c5 Bc7 11. Bb2 e5 12. d4 e4 13. Ng5 h6 14. Nh3 Nh5 15. f3 Bxh3
16. Bxh3 f5 17. e3 g6 18. Qe2 Kh7 19. Kh1 Bxg3 20. Rg1 Bh4 21. Qg2 Rg8 22. Nf1
Ndf6 23. Bc3 exf3 24. Qxf3 Qe7 25. Be1 Bg5 26. Bg3 Qe4 27. Qxe4 Nxe4 28. Re1
Raf8 1/2-1/2

[Event "XXVIII Memorial Edoardo Crespi B"]
[Site "Milano ITA"]
[Date "2007.12.07"]
[Round "2"]
[White "Coladangelo, Andrea"]
[Black "Fantina, Carla"]
[Result "1-0"]
[WhiteElo "1809"]
[BlackElo "1839"]
[PlyCount "72"]
[EventDate "2007.12.06"]

1. e4 c5 2. Nf3 Nc6 3. d4 cxd4 4. Nxd4 Nf6 5. Nc3 g6 6. Be3 Bg7 7. f3 O-O 8.
Bc4 a6 9. Qd2 Qc7 10. Bb3 Na5 11. O-O-O Nxb3+ 12. Nxb3 d6 13. Bh6 Be6 14. Bxg7
Kxg7 15. Nd5 Bxd5 16. exd5 Rfd8 17. g4 a5 18. g5 Nd7 19. Qd4+ f6 20. Qe3 Re8
21. Nd4 Kh8 22. Ne6 Qc8 23. Rd3 b5 24. Rc3 Nc5 25. Nxc5 dxc5 26. Rxc5 Qb7 27.
gxf6 exf6 28. Qc3 Rf8 29. Re1 b4 30. Qd4 a4 31. Re6 b3 32. cxb3 axb3 33. a3
Rac8 34. Rec6 Rce8 35. Rxf6 Re1+ 36. Kd2 Re7 1-0

[Event "XXVIII Memorial Edoardo Crespi B"]
[Site "Milano ITA"]
[Date "2007.12.07"]
[Round "2"]
[White "D'Apa, Massimo"]
[Black "Casale, Anania"]
[Result "1-0"]
[WhiteElo "1704"]
[BlackElo "1711"]
[PlyCount "67"]
[EventDate "2007.12.06"]

1. e4 c6 2. d4 d5 3. exd5 cxd5 4. c4 Nf6 5. Nc3 e6 6. Nf3 Be7 7. Bd3 O-O 8. O-O
dxc4 9. Bxc4 Nc6 10. Be3 Qc7 11. Nb5 Qd8 12. Bf4 a6 13. Nc7 Ra7 14. d5 b5 15.
Bxb5 axb5 16. dxc6 Rxc7 17. Bxc7 Qxc7 18. Qc2 Nd5 19. a3 Bf6 20. Rad1 Ba6 21.
b4 Rc8 22. Rfe1 h6 23. Rc1 Nc3 24. h3 Qxc6 25. Ne5 Bxe5 26. Rxe5 Bb7 27. f3 Qd6
28. Rc5 Qd4+ 29. Kh1 Rxc5 30. bxc5 Nd5 31. c6 Ba6 32. c7 Ne7 33. Rd1 Qc4 34.
Rd8# 1-0